000 00716njm a2200253 c 4500
999 _c220401
_d220401
003 BLK
005 20200402104147.0
008 180410b bul||n||s|||||||| n|bulo|
010 _aCDD00002870000
040 _aBLK
041 _aBUL
_cBUL
139 _aПагубна страст [видео DVD]
245 1 0 _aПагубна страст [видео DVD]
257 _aBGR
260 _bв. Стандарт
_c2007
380 _a7
490 1 _aКолекция за хората
_v114
590 _aS.N: 80946 от КНИГИ
852 _aЦб CD 4715
_p0
856 4 _qpdf
_u
856 4 _qpdf
_u
942 _cCDD
_n0
_s1
944 _aCR
_c31.01.2008
_kВаля_Йорданова
944 _aED
_c08.12.2008
999 _d220401